000 01238nam a22002417a 4500
999 _c18372
_d18372
005 20251125232906.0
008 s2533 th tha d
040 _aNALT
041 _atha
100 0 _aประหยัด กงตาล
245 1 0 _aประมวลกฎหมายและระเบียบงานคลัง เล่ม 2 พ.ศ. 2533
260 3 _aกรุงเทพฯ :
_bไทยพิมพ์,
_c2533
300 _a400 หน้า :
_b ภาพประกอบ ;
_c 26 ซม.
650 0 4 _aการคลัง -- กฎหมายและระเบียบข้อบังคับ
650 0 4 _aการเงิน -- กฎหมายและระเบียบข้อบังคับ
650 0 4 _aงบประมาณ -- กฎหมายและระเบียบข้อบังคับ
650 0 4 _aเงินสวัสดิการ -- กฎหมายและระเบียบข้อบังคับ
850 _aNALT
856 4 0 _uhttps://hdl.handle.net/20.500.14156/465399
_71
942 _cLB
_2lcc
998 _j25
_k นีลวัสน์ อินทรักษา
090 _aKH12 ป424ป 2533